les pays ayant appartenus à la france - Statistiques

Statistiques générales
  • Ce quiz a été pris 124 fois
    75 depuis la dernière actualisation
  • Le résultat moyen est 69 sur 98
Statistiques - réponses
pourcentage réponse % Correct
100% Espagne
98%
100% Algérie
95%
100% Allemagne
94%
25% Canada
94%
55% États-Unis
92%
93% Italie
92%
50% Maroc
92%
10% Portugal
92%
100% Suisse
92%
100% Belgique
90%
>1% Chine
90%
67% Royaume-Uni
90%
>1% Russie
90%
100% République du Congo
89%
100% Sénégal
89%
100% Autriche
87%
40% Mexique
87%
100% Pologne
87%
1% Brésil
85%
100% Tunisie
85%
40% Inde
84%
40% Libye
84%
99% Pays-Bas
84%
100% Andorre
82%
100% Égypte
82%
10% Turquie
82%
100% Luxembourg
81%
100% République Tchèque
81%
100% Vietnam
81%
100% Cambodge
79%
100% Liban
79%
100% Madagascar
77%
100% Mali
77%
100% Danemark
76%
1% Estonie
76%
100% Croatie
74%
100% Guinée
74%
25% Guyana
74%
100% Hongrie
74%
100% Laos
74%
100% Liechtenstein
74%
10% Lituanie
74%
100% Monaco
74%
100% Slovaquie
74%
100% Vatican
74%
100% Cameroun
73%
100% Côte d'Ivoire
73%
60% Roumanie
73%
100% Slovénie
73%
>1% Ukraine
73%
100% Comores
71%
>1% Lettonie
71%
100% Malte
71%
100% Niger
71%
>1% Australie
69%
100% Haïti
69%
>1% Norvège
69%
100% Saint-Marin
69%
60% Serbie
68%
100% Bénin
66%
100% Israël
66%
100% Syrie
66%
100% Guinée Bissau
65%
100% Mauritanie
65%
100% République Centrafricaine
65%
25% Suriname
65%
100% Tchad
65%
20% Afrique du Sud
63%
50% Indonésie
63%
>1% Nigeria
63%
>1% BIélorussie
61%
100% Chypre
61%
100% Guinée Équatoriale
61%
100% Togo
60%
100% Maurice
58%
100% République Dominicaine
58%
100% Seychelles
58%
5% Yémen
58%
100% Burkina Faso
56%
100% Djibouti
56%
>1% Corée du Sud
53%
100% Gabon
53%
70% Panama
52%
100% Sainte-Lucie
52%
>1% Sri Lanka
50%
100% Vanuatu
50%
100% Antigua-et-Barbuda
48%
100% Dominique
48%
100% Saint-Christophe-et-Niévès
48%
1% Tanzanie
48%
100% France
47%
100% Saint-Vincent-et-les-Grenadines
45%
>1% Jordanie
44%
10% Trinité-et-Tobago
42%
1% Tonga
40%
2% Kiribati
39%
10% Philippines
37%
100% Grenade
34%
Aucun quiz correspondant
Distribution des résultats
% des personnes avec chaque résultat
Percentile par nombre de réponses
Votre historique - résultats
Vous n’avez pas pris ce quiz depuis la dernière actualisation